000 02286nam0a2200409 i 4500
001 RU\NLR\BIBL_A\011291613
005 20260607071530.0
010 _a9785877810426
010 _a978-5-4469-0834-9
_9500
021 _aRU
_b2016-90522
_95965
035 _a(NILC)LIBNET\0000683256
035 _a(NLR Aleph) 011291613
090 _a10925057
_c10925057
100 _a20161213d2016 km y0rusy50 ca
101 1 _arus
_cger
102 _aRU
105 _ah|||z|||001zy
200 1 _aЛитературное мастерство Достоевского в развитии
_eот "Записок из Мертвого дома" до "Братьев Карамазовых"
_fХорст-Юрген Геригк
_gавторизован. пер. с нем. и науч. ред. К. Ю. Лаппо-Данилевского
210 _aСанкт-Петербург
_cИзд-во Пушкинского Дома
_cНестор-История
_d2016
215 _a319 с.
_cфакс.
_d21
225 1 _aСовременная русистика
_vт. 4
320 _aБиблиогр. в подстроч. примеч.
320 _aУказ. имен: 312-317
500 _aЗаписки из Мертвого дома
_92632570
_3RU\NLR\AUTH\5510570
500 _aБратья Карамазовы
_92632548
_3RU\NLR\AUTH\5510548
517 1 _aОт "Записок из Мертвого дома" до "Братьев Карамазовых"
600 1 _aДостоевский
_bФ.М.
_f1821 - 1881
_gФедор Михайлович
_xТворческая лаборатория
_9996337
_3RU\NLR\AUTH\66377138
686 2 _aШ5(2=Р)52-4Достоевский58
700 1 _aГеригк
_bХ.-Ю.
_gХорст-Юрген
702 1 _8rus
_7ca
_aДостоевский
_bФ. М.
_f1821-1881
_gФедор Михайлович
_3RU\NLR\AUTH\77838
_9110876
702 1 _8rus
_7ca
_aДостоевский
_bФ. М.
_f1821-1881
_gФедор Михайлович
_3RU\NLR\AUTH\77838
_9110876
702 1 _4730
_4340
_7ca
_8rus
_aЛаппо-Данилевский
_bК. Ю.
_f1962-
_gКонстантин Юрьевич
_978890
_3RU\NLR\AUTH\7795964
942 _cBOOK
980 _aNBR